| 000 | 00632nam a2200217Ia 4500 | ||
|---|---|---|---|
| 003 | GCL | ||
| 008 | 140319s9999 xx 000 0 ara d | ||
| 040 |
_aGCL / _cGCL |
||
| 082 | 0 | 4 |
_a813.087 _bم ا |
| 100 | 1 | _aمحمد فريد ابوحديد | |
| 245 | 1 | 0 |
_aابو الفوارس عنترة بن شداد / _cمحمد فريد ابوحديد |
| 300 | _a183 ص | ||
| 490 | _a | ||
| 650 | 0 | 4 | _aالادب العربى |
| 650 | 0 | 4 | _aالقصص العربية |
| 650 | 0 | 4 | _aقصص البطولات |
| 650 | 0 | 4 | _aالقصص التاريخية |
| 650 | 0 | 4 | _aالادب |
| 650 | 0 | 4 | _aعنترة بن شداد |
| 942 |
_2ddc _cBK |
||
| 999 |
_c40215 _d40215 |
||